| 000 -LEADER |
| fixed length control field |
01797cam a22004094a 4500 |
| 001 - CONTROL NUMBER |
| control field |
14924748 |
| 003 - CONTROL NUMBER IDENTIFIER |
| control field |
NUST |
| 005 - DATE AND TIME OF LATEST TRANSACTION |
| control field |
20191011120347.0 |
| 008 - FIXED-LENGTH DATA ELEMENTS--GENERAL INFORMATION |
| fixed length control field |
070712s2007 paua b 001 0 eng |
| 010 ## - LIBRARY OF CONGRESS CONTROL NUMBER |
| LC control number |
2007061748 |
| 020 ## - INTERNATIONAL STANDARD BOOK NUMBER |
| International Standard Book Number |
9780898716436 (alk. paper) |
| 020 ## - INTERNATIONAL STANDARD BOOK NUMBER |
| International Standard Book Number |
0898716438 (alk. paper) |
| 035 ## - SYSTEM CONTROL NUMBER |
| System control number |
(OCoLC)ocn156892047 |
| 035 ## - SYSTEM CONTROL NUMBER |
| System control number |
(OCoLC)156892047 |
| Canceled/invalid control number |
(OCoLC)183264778 |
| 038 ## - RECORD CONTENT LICENSOR |
| Staff Name |
Nusrat Nadeem |
| 040 ## - CATALOGING SOURCE |
| Original cataloging agency |
DLC |
| Transcribing agency |
DLC |
| Modifying agency |
C#P |
| -- |
YDXCP |
| -- |
BWX |
| -- |
BTCTA |
| -- |
BAKER |
| -- |
DLC |
| 050 00 - LIBRARY OF CONGRESS CALL NUMBER |
| Classification number |
QA402.5 |
| Item number |
.F425 2007 |
| 082 00 - DEWEY DECIMAL CLASSIFICATION NUMBER |
| Classification number |
519.7/2 |
| Edition number |
22 |
| 100 1# - MAIN ENTRY--PERSONAL NAME |
| Personal name |
Ferris, Michael C. |
| 9 (RLIN) |
23531 |
| 245 10 - TITLE STATEMENT |
| Title |
Linear programming with MATLAB / |
| Statement of responsibility, etc. |
Michael C. Ferris, Olvi L. Mangasarian, Stephen J. Wright. |
| 260 ## - PUBLICATION, DISTRIBUTION, ETC. |
| Place of publication, distribution, etc. |
Philadelphia : |
| Name of publisher, distributor, etc. |
Society for Industrial and Applied Mathematics : |
| -- |
Mathematical Programming Society, |
| Date of publication, distribution, etc. |
c2007. |
| 300 ## - PHYSICAL DESCRIPTION |
| Extent |
xi, 266 p. : |
| Other physical details |
ill. ; |
| Dimensions |
26 cm. |
| 440 #0 - SERIES STATEMENT/ADDED ENTRY--TITLE |
| Title |
MPS-SIAM series on optimization |
| 9 (RLIN) |
23532 |
| 504 ## - BIBLIOGRAPHY, ETC. NOTE |
| Bibliography, etc. note |
Includes bibliographical references (p. 257-260) and index. |
| 630 00 - SUBJECT ADDED ENTRY--UNIFORM TITLE |
| Uniform title |
MATLAB. |
| 9 (RLIN) |
3082 |
| 650 #0 - SUBJECT ADDED ENTRY--TOPICAL TERM |
| Topical term or geographic name entry element |
Linear programming |
| General subdivision |
Data processing. |
| 9 (RLIN) |
23533 |
| 650 #0 - SUBJECT ADDED ENTRY--TOPICAL TERM |
| Topical term or geographic name entry element |
Mathematical optimization. |
| 9 (RLIN) |
10023 |
| 650 #0 - SUBJECT ADDED ENTRY--TOPICAL TERM |
| Topical term or geographic name entry element |
Algebras, Linear. |
| 9 (RLIN) |
10720 |
| 700 1# - ADDED ENTRY--PERSONAL NAME |
| Personal name |
Mangasarian, Olvi L., |
| Dates associated with a name |
1934- |
| 9 (RLIN) |
23534 |
| 700 1# - ADDED ENTRY--PERSONAL NAME |
| Personal name |
Wright, Stephen J., |
| Dates associated with a name |
1960- |
| 9 (RLIN) |
23535 |
| 856 42 - ELECTRONIC LOCATION AND ACCESS |
| Materials specified |
Contributor biographical information |
| Uniform Resource Identifier |
<a href="http://www.loc.gov/catdir/enhancements/fy0805/2007061748-b.html">http://www.loc.gov/catdir/enhancements/fy0805/2007061748-b.html</a> |
| 856 42 - ELECTRONIC LOCATION AND ACCESS |
| Materials specified |
Publisher description |
| Uniform Resource Identifier |
<a href="http://www.loc.gov/catdir/enhancements/fy0805/2007061748-d.html">http://www.loc.gov/catdir/enhancements/fy0805/2007061748-d.html</a> |
| 856 41 - ELECTRONIC LOCATION AND ACCESS |
| Materials specified |
Table of contents only |
| Uniform Resource Identifier |
<a href="http://www.loc.gov/catdir/enhancements/fy0805/2007061748-t.html">http://www.loc.gov/catdir/enhancements/fy0805/2007061748-t.html</a> |
| 906 ## - LOCAL DATA ELEMENT F, LDF (RLIN) |
| a |
7 |
| b |
cbc |
| c |
orignew |
| d |
1 |
| e |
ocip |
| f |
20 |
| g |
y-gencatlg |
| 942 ## - ADDED ENTRY ELEMENTS (KOHA) |
| Source of classification or shelving scheme |
|
| Koha item type |
Book |